Advances in modern circuit theory and design : tutorials presented at the European Conference on Circuit Theory and Design--ECCTD 87, Paris, France, 1-4 September, 1987 /

Bibliographic Details
Corporate Author: European Conference on Circuit Theory and Design Paris, France
Other Authors: Gerber, R.
Format: Conference Proceeding Book
Language:English
Published: Amsterdam ; New York : North-Holland ; 1987.
Subjects:

MARC

Tag First Indicator Second Indicator Subfields
LEADER 00000cam a2200000 a 4500
001 in00000029125
005 20151007060100.0
008 871030s1987 ne a b 10010 eng
010 |a  87030597  
020 |a 0444702784 
035 |a (OCoLC)16985911 
035 |9 AAC0045AM 
040 |a DLC  |c DLC  |d TXA  |d UtOrBLW 
049 |a TXAM  |c [A11508432] 
050 0 0 |a TK7867  |b .E9 1987 
082 0 |a 621.3815/3  |2 19 
111 2 |a European Conference on Circuit Theory and Design  |d (1987 :  |c Paris, France) 
245 1 0 |a Advances in modern circuit theory and design :  |b tutorials presented at the European Conference on Circuit Theory and Design--ECCTD 87, Paris, France, 1-4 September, 1987 /  |c edited by R. Gerber. 
264 1 |a Amsterdam ;  |a New York :  |b North-Holland ;  |c 1987. 
264 2 |a New York, N.Y., U.S.A. :  |b Sole distributors for the U.S.A. and Canada, Elsevier Science Pub. Co., 
300 |a 234 pages :  |b illustrations ;  |c 23 cm. 
336 |a text  |b txt  |2 rdacontent 
337 |a unmediated  |b n  |2 rdamedia 
338 |a volume  |b nc  |2 rdacarrier 
504 |a Includes bibliographies. 
650 0 |a Electronic circuit design  |x Data processing  |v Congresses. 
650 0 |a Computer-aided design  |v Congresses. 
700 1 |a Gerber, R. 
999 |a MARS 
999 f f |s 0bcd362e-6f0d-3d98-a03a-7283ce99cf5c  |i 5d99acc9-ec7f-390c-b379-f75b7e421b29  |t 0 
952 f f |p normal  |a Texas A&M University  |b College Station  |c Sterling C. Evans Library  |d Evans: Library Stacks  |t 0  |e TK7867 .E9 1987  |h Library of Congress classification  |i unmediated -- volume  |m A14811508432 
998 f f |a TK7867 .E9 1987  |t 0  |l Evans: Library Stacks